Nghệ thuật tự sư trong tiểu thuyết của Đoàn Minh Phượng
Không - thời gian nghệ thuật trong tiểu thuyết Đoàn Minh Phượng. Người kể chuyện và điểm nhìn trần thuật trong tiểu thuyết của Đoàn Minh Phượng. Giọng điệu trần thuật trong tiểu thuyết của Đoàn Minh Phượng
Na minha lista:
| Autor principal: | |
|---|---|
| Outros Autores: | |
| Formato: | Livro |
| Idioma: | Vietnamese |
| Publicado em: |
Đà Nẵng
Đại học Đà Nẵng
2011
|
| Assuntos: | |
| Tags: |
Adicionar Tag
Sem tags, seja o primeiro a adicionar uma tag!
|
| Thư viện lưu trữ: | Mạng thư viện Đại học Đà Nẵng |
|---|
| LEADER | 01633nam a2200349 4500 | ||
|---|---|---|---|
| 001 | 000010612 | ||
| 003 | 6818 | ||
| 005 | 20111215161225.0 | ||
| 008 | 111215s2011 viesd | ||
| 041 | |a vie | ||
| 072 | |a Luận văn Thạc sĩ Khoa học Xã hội và nhân văn | ||
| 082 | |a 895.9223 |b LE-A | ||
| 100 | |a Lê Tuấn Anh | ||
| 245 | |a Nghệ thuật tự sư trong tiểu thuyết của Đoàn Minh Phượng |c Lê Tuấn Anh | ||
| 260 | |a Đà Nẵng |b Đại học Đà Nẵng |c 2011 | ||
| 300 | |a 83tr |c 29cm |e CD. Tóm tắt luận văn | ||
| 500 | |a Luận văn Thạc sĩ Khoa học Xã hội và nhân văn. Chuyên ngành: Văn học Việt Nam. Mã số: 60.22.34 | ||
| 520 | |a Không - thời gian nghệ thuật trong tiểu thuyết Đoàn Minh Phượng. Người kể chuyện và điểm nhìn trần thuật trong tiểu thuyết của Đoàn Minh Phượng. Giọng điệu trần thuật trong tiểu thuyết của Đoàn Minh Phượng | ||
| 653 | |a Đoàn Minh Phượng | ||
| 653 | |a Văn học | ||
| 653 | |a Luận văn Thạc sĩ Văn học Việt Nam | ||
| 700 | |a Nguyễn Thị Bình |c PGS.TS |e Hướng dẫn | ||
| OWN | |a LSP | ||
| AVA | |a UDN50 |b LSP |d 895.9223 LE-A |e available |t Error 5001 Not defined in file expand_doc_bib_avail. |f 1 |g 0 |h N |i 0 |k 1 | ||
| 999 | |a From the UDN01 | ||
| AVA | |a UDN50 |b LSP |d 895.9223 LE-A |e available |t Error 5001 Not defined in file expand_doc_bib_avail. |f 1 |g 0 |h N |i 0 |k 1 | ||
| TYP | |a Monograph | ||
| TYP | |a Printed language | ||
| 980 | |a Mạng thư viện Đại học Đà Nẵng | ||